00588nam a2200157 i 4500001000300000245009300003260004400096300006500140504002500205700002800230040000800258041000800266080001700274008004100291856009800332bg 0aGeologia historyczna /cpod red. nauk. Henryka Makowskiego ; [Aut. Tadeusz Gunia i in.]. aWarszawa :bWydawn. Geologiczne,c1977. as. 882, nlb. 1 :brys., ilustr., tabl. [w tym] nlb. 3, mapy. a[Zawiera bibliogr.].1 aMakowski, Henryk.eRed. cBPK apol a551.7(075.8) s pl f |000 0 pol  uhttp://koha.tu.koszalin.pl/cgi-bin/koha/opac-detail.pl?biblionumber=27671yKatalog online BPK